| 000 | 00000nam##2200000za#4500 |
| 001 | 9.681496 |
| 003 | CaOODSP |
| 005 | 20200330071037 |
| 007 | ta |
| 008 | 150407|1999||||xxc||||| f|0| 0 fre|d |
| 020 | |a0-662-85815-8 |
| 040 | |aCaOODSP|bfre |
| 043 | |an-cn--- |
| 086 | 1 |aE2-343/1999F |
| 110 | 1 |aCanada.|bAffaires étrangères et Commerce international. |bCentre canadien pour le développement de la politique étrangère. |
| 245 | 14|aUne organisation des Nations Unies garante de la sécurité humaine : |brapport du Forum international de 1999 sur le Canada et le Conseil de sécurité des Nations Unies |
| 260 | |aOttawa - Ontario : |bAffaires étrangères et Commerce international. |c1999. |
| 300 | |a37p. ; |c28 cm. |
| 563 | |aCouverture souple |
| 590 | |a02-33|b2002-08-16 |
| 691 | 07|aCongrès|2gcpds |
| 691 | 07|aOrganisme international|2gcpds |
| 691 | 07|aPolitique étrangère|2gcpds |
| 691 | 07|aSécurité des personnes|2gcpds |
| 775 | 08|tNational Forum on Canada's International Relations, 1999 : |w(CaOODSP)9.648171 |
| 776 | 0#|tUne organisation des Nations Unies garante de la sécurité humaine : |w(CaOODSP)9.630648 |